• 首页
  • 本馆介绍
  • 公告通知
  • 最新文献
  • 馆藏检索
  • 电子资源
  • 读者导购
  • 参考咨询
  • 我的图书馆
  • 登录
  • 详细信息显示
  • 放入我的书架
  • 预约/预借图书
  • 作者相关作品
  • 分类相关作品
  • 丛书相关作品
  • 出版社相关作品

书目信息

  • 表格格式
  • 工作单格式
  • 卡片格式
题名:
网络信息论
    
 
作者: 盖莫尔 , 金荣汉 著 ;张林 译
分册:  
出版信息: 北京   清华大学出版社  2015.01
页数: 28, 669页
开本: 26cm
丛书名:
单 册:
中图分类: G20 , TP393
科图分类:
主题词: 计算机网络--ji suan ji wang lao--信息论--教材
电子资源:
ISBN: 978-7-302-34858-0
000 01490nam0 2200337 450
001 0104125630
005 20201104125713.0
010    @a978-7-302-34858-0@b精装@dCNY99.00
100    @a20151327e20202015em y0chiy50 ea
101 1  @achi@ceng
102    @aCN@b110000
105    @ay az 001yy
106    @ar
200 1  @a网络信息论@Awang luo xin xi lun@dNetwork information theory@f(美)Abbas El Gamal, Young-Han Kim著@g张林译@zeng
210    @a北京@c清华大学出版社@d2015.01@h2020.04
215    @a28, 669页@d26cm
300    @a信息技术和电气工程学科国际知名教材中译本系列
314    @aAbbasElGamal,获得斯坦福大学电机工程博士学位。1981年至今在斯坦福大学任教。
314    @aYoung-HanKim,在斯坦福大学获得统计学硕士和电机工程博士学位,目前是加州圣迭戈大学副教授。
314    @a张林,在清华大学获得电子工程博士学位。目前为清华大学副教授。
320    @a有书目(第619-641页)和索引(第645-669页)
330    @a本书首次对经典信息论和网络信息论的研究成果形成了完整系统的覆盖。其内容较好地平衡了新模型和新编码方法,使得读者可以全面地掌握香农经典点到点信息论、单跳网络、多跳网络、分布式计算、保密通信、无线通信和网络等内容。
510 1  @aNetwork information theory@zeng
606 0  @a计算机网络@Aji suan ji wang lao@x信息论@j教材
690    @aG20@v5
690    @aTP393@v5
701  0 @c(美)@a盖莫尔@Agai mo er@c(Gamal, Abbas El)@4著
701  0 @c(美)@a金荣汉@Ajin rong han@4著
702  0 @a张林@Azhang lin@4译
801  0 @aCN@bBJSZM@c20201104
905    @b1260976-80@dG20@e961@f5
    
    网络信息论=Network information theory/(美)Abbas El Gamal, Young-Han Kim著/张林译.-北京:清华大学出版社,2015.01(2020.04)
    28, 669页;26cm
    信息技术和电气工程学科国际知名教材中译本系列
    
    ISBN 978-7-302-34858-0(精装):CNY99.00
    本书首次对经典信息论和网络信息论的研究成果形成了完整系统的覆盖。其内容较好地平衡了新模型和新编码方法,使得读者可以全面地掌握香农经典点到点信息论、单跳网络、多跳网络、分布式计算、保密通信、无线通信和网络等内容。
●
相关链接 在E读中查询图书 在五车中查询图书 在当当中查询图书 在豆瓣中查询图书


正题名:网络信息论     索取号:G20/961         预约/预借

序号 登录号 条形码 馆藏地/架位号 状态 备注
1 1260976   212609765   第一样本阅览室/ [索取号:G20/961] 在馆    
2 1260977   212609774   教育系资料室/ [索取号:G20/961] 在馆    
3 1260978   212609783   教育系资料室/ [索取号:G20/961] 在馆    
4 1260979   212609792   第四借阅区/ [索取号:G20/961] 在馆    
5 1260980   212609809   第四借阅区/ [索取号:G20/961] 在馆    
唐山师范学院图书馆 欢迎您!
大连网信软件有限公司© 版权所有